Normal view
MARC view
- Icdl
Entry Topical Term
001 - CONTROL NUMBER
- control field: 2675
003 - CONTROL NUMBER IDENTIFIER
- control field: JO-AjAnu
005 - DATE AND TIME OF LATEST TRANSACTION
- control field: 20230606070736.0
008 - FIXED-LENGTH DATA ELEMENTS
- fixed length control field: 230606|| aca||aabn | a|a d
040 ## - CATALOGING SOURCE
- Original cataloging agency: JO-AjAnu
- Transcribing agency: JO-AjAnu
150 ## - HEADING--TOPICAL TERM
- Topical term or geographic name entry element: Icdl
670 ## - SOURCE DATA FOUND
- Source citation: Work cat.: (JO-AjAnu)1397: Clatraining, author 2674, ICDL 5.0 International Computer Driving Licence/module3/Word Processing Using Word 2007